LEADER 01837oam 2200469M 450 001 9910716271803321 005 20200213071029.6 035 $a(CKB)5470000002519405 035 $a(OCoLC)1065753853 035 $a(OCoLC)995470000002519405 035 $a(EXLCZ)995470000002519405 100 $a20071213d1926 ua 0 101 0 $aeng 135 $aurcn||||||||| 181 $ctxt$2rdacontent 182 $cc$2rdamedia 183 $acr$2rdacarrier 200 10$aClaims of the Assiniboine Indians against the United States. April 22, 1926. -- Committed to the Committee of the Whole House on the State of the Union and ordered to be printed 210 1$a[Washington, D.C.] :$c[U.S. Government Printing Office],$d1926. 215 $a1 online resource (3 pages) 225 1 $aHouse report / 69th Congress, 1st session. House ;$vno. 952 225 1 $a[United States congressional serial set ] ;$v[serial no. 8533] 300 $aBatch processed record: Metadata reviewed, not verified. Some fields updated by batch processes. 300 $aFDLP item number not assigned. 606 $aIndians of North America$xClaims 606 $aJurisdiction 606 $aLegislative amendments 606 $aTreaties 608 $aLegislative materials.$2lcgft 615 0$aIndians of North America$xClaims. 615 0$aJurisdiction. 615 0$aLegislative amendments. 615 0$aTreaties. 701 $aWilliamson$b William$f1875-1972$pRepublican (SD)$01386808 801 0$bWYU 801 1$bWYU 801 2$bOCLCO 801 2$bOCLCQ 906 $aBOOK 912 $a9910716271803321 996 $aClaims of the Assiniboine Indians against the United States. April 22, 1926. -- Committed to the Committee of the Whole House on the State of the Union and ordered to be printed$93540933 997 $aUNINA LEADER 04295nam 22007095 450 001 9910806198003321 005 20260316101611.0 010 $a9783031430718 010 $a3031430719 024 7 $a10.1007/978-3-031-43071-8 035 $a(MiAaPQ)EBC31096160 035 $a(Au-PeEL)EBL31096160 035 $a(OCoLC)1419871336 035 $a(CKB)30156898400041 035 $a(DE-He213)978-3-031-43071-8 035 $a(EXLCZ)9930156898400041 100 $a20240129d2023 u| 0 101 0 $aeng 135 $aurcnu|||||||| 181 $ctxt$2rdacontent 182 $cc$2rdamedia 183 $acr$2rdacarrier 200 10$aAmazonian Mammals $eCurrent Knowledge and Conservation Priorities /$fedited by Wilson R. Spironello, Adrian A. Barnett, Jessica W. Lynch, Paulo E. D. Bobrowiec, Sarah A. Boyle 205 $a1st ed. 2023. 210 1$aCham :$cSpringer International Publishing :$cImprint: Springer,$d2023. 215 $a1 online resource (483 pages) 225 1 $aBiomedical and Life Sciences Series 311 08$aPrint version: Spironello, Wilson R. Amazonian Mammals Cham : Springer International Publishing AG,c2024 9783031430701 327 $aWhy This Book on Amazonian Mammals Is Needed -- Xenarthrans of Brazilian Amazon: Recent Discoveries, Knowledge Gaps, and Conservation Concerns -- Biodiversity and Conservation of Bats in the Brazilian Amazonia - With a Review of the Last 10 Years of Research -- Primates of Brazilian Amazonia: Knowledge, Research Gaps and Conservation Priorities -- Claws and Fangs: Carnivore Abundance and the Conservation Importance of Amazonia -- Mammalian Megafauna: A Cross-continental Comparison in Research Output -- Amazonian Aquatic Mammals: Existing Knowledge, Current Threats and Future Studies -- Historical Commercial Hunting of Mammals in Amazonia -- Subsistence Hunting and Wild Meat Trade -- Management of Subsistence Hunting of Mammals in Amazonia: A Case Study in Loreto, Peru -- Showing and Saving: The Challenges and Opportunities of Mammal-based Tourism in Brazilian Amazonia -- Large-scale Land-use Changes and the Amazonian Mammal Biota -- Habitat Fragmentation Impacts on Amazonian Non-volant Mammals -- Bat Responses to Anthropogenic Forest Fragmentation: Insights from an Amazonian Fragmentation Experiment in Brazil -- Infectious Diseases: A Threat to the Conservation of Amazonian Mammal Species -- Mining Impacts on Aquatic Mammals of the Brazilian Amazon -- Chapter Effects of Anthropogenic Climate Change on Ecosystems and Biodiversity, Especially on Amazonian Mammals -- Conservation Strategies for Mammals in Brazilian Amazonia: Future Studies at Local, Regional and Global Scales. 330 $aThe mammal fauna of the Brazilian Amazon is one of the most diverse on Earth with over 450 known species. Bringing together more than 70 of the world?s top experts on Amazonian mammals, this book unites, for the first time, up-to-date data on the current state of knowledge on the ecology of all groups of non-rodent mammals in the Brazilian Amazon, analyses the effectiveness of current conservation programmes and identifies research and conservation priorities for the future. 410 0$aBiomedical and Life Sciences Series (Springer International) 606 $aConservation biology 606 $aEcology 606 $aBioinformatics 606 $aConservation Biology 606 $aEcology 606 $aComputational and Systems Biology 606 $aMamífers$2thub 606 $aProtecció de la fauna$2thub 607 $aAmazònia$2thub 608 $aLlibres electrònics$2thub 615 0$aConservation biology. 615 0$aEcology. 615 0$aBioinformatics. 615 14$aConservation Biology. 615 24$aEcology. 615 24$aComputational and Systems Biology. 615 7$aMamífers 615 7$aProtecció de la fauna 676 $a599.09811 700 $aSpironello$b Wilson R$01592040 701 $aBarnett$b Adrian$0322918 701 $aLynch$b Jessica W$01592041 701 $aBobrowiec$b Paulo E. D$01592042 701 $aBoyle$b Sarah A$01592043 801 0$bMiAaPQ 801 1$bMiAaPQ 801 2$bMiAaPQ 906 $aBOOK 912 $a9910806198003321 996 $aAmazonian Mammals$93907882 997 $aUNINA